Southville International School and Colleges
Your cart is empty.
  • Cart
  • Lists
    Public lists Eva Luna New books Lux_list list_1
    Your lists Log in to create your own lists
  • Log in to your account
  • Your cookies
  • Search history
Southville International School and Colleges
  • Advanced search
  • Recent comments
  • Most popular
  • Libraries

Log in to your account

Log in with GOOGLE


If you do not have an external account, but do have a local account, you can still log in:

  1. Home
  2. MARC view: The family creative workshop /
Normal view MARC view ISBD view

The family creative workshop / (Record no. 9519)

[ view plain ]
MARC details
000 -LEADER
fixed length control field 00646cam a2200229 4500
001 - CONTROL NUMBER
control field 2197904
003 - CONTROL NUMBER IDENTIFIER
control field SISC
005 - DATE AND TIME OF LATEST TRANSACTION
control field 20160201151555.0
008 - FIXED-LENGTH DATA ELEMENTS--GENERAL INFORMATION
fixed length control field 740312m19741976nyua e 000 0 eng
010 ## - LIBRARY OF CONGRESS CONTROL NUMBER
LC control number 73089331
020 ## - INTERNATIONAL STANDARD BOOK NUMBER
International Standard Book Number 0705403343
040 ## - CATALOGING SOURCE
Original cataloging agency DLC
Transcribing agency DLC
Modifying agency DLC
050 00 - LIBRARY OF CONGRESS CALL NUMBER
Classification number TT 9
Item number .F35 1974
082 00 - DEWEY DECIMAL CLASSIFICATION NUMBER
Classification number HS 745.503
Item number F21 1975
245 04 - TITLE STATEMENT
Title The family creative workshop /
260 ## - PUBLICATION, DISTRIBUTION, ETC. (IMPRINT)
Place of publication, distribution, etc New York :
Name of publisher, distributor, etc Plenary Publications International,
Date of publication, distribution, etc c1974.
300 ## - PHYSICAL DESCRIPTION
Extent 128 p. :
Other physical details col. ill. ;
Dimensions 28 cm.
650 #0 - SUBJECT ADDED ENTRY--TOPICAL TERM
Topical term or geographic name as entry element Handicraft
General subdivision Encyclopedias.
9 (RLIN) 13950
906 ## - LOCAL DATA ELEMENT F, LDF (RLIN)
a 7
b cbc
c orignew
d 2
e opcn
f 19
g y-gencatlg
942 ## - ADDED ENTRY ELEMENTS (KOHA)
Source of classification or shelving scheme Library of Congress Classification
Koha item type Books
Holdings
Withdrawn status Lost status Source of classification or shelving scheme Damaged status Home library Current library Shelving location Date acquired Total Checkouts Full call number Barcode Date last seen Copy number Price effective from Koha item type
    Library of Congress Classification   Luxembourg Library Luxembourg Library High School Section 08/27/2013   TT 9 .F35 1974 11292 04/20/2016 1 08/27/2013 Books

The family creative workshop /

APA

(1974). The family creative workshop. New York: Plenary Publications International.

Chicago

1974. The family creative workshop. New York: Plenary Publications International.

Harvard

(1974). The family creative workshop. New York: Plenary Publications International.

MLA

The family creative workshop. New York: Plenary Publications International. 1974.

  • Place hold
  • Print
  • Cite
  • Add to your cart (remove)
  • Save record
    BIBTEX Dublin Core MARCXML MARC (non-Unicode/MARC-8) MARC (Unicode/UTF-8) MARC (Unicode/UTF-8, Standard) MODS (XML) RIS
  • More searches
    Search for this title in:
    Other Libraries (WorldCat) Other Databases (Google Scholar) Online Stores (Bookfinder.com) Open Library (openlibrary.org)

Exporting to Dublin Core...

SOUTHVILLE LIBRARY

Southville International School and Colleges Library

1281 Tropical Ave. Cor. Luxembourg St., BF Homes International, Las Pinas City

Tel. No. 8256374 / 252358 Loc. 117/146

Powered by Koha